00554nam a2200181 a 45000010010000000030011000100080041000210350026000620820016000881000030001042450053001342600037001876500011002249420012002359520090002479980020003379990015003570000-9348ELIB.Books110520 1986  a(ELIB.Books)0000-9500 a242.5 bHel aHelleberg, Marilyn Morgan aWhere Soul & Spirit Meet: praying with the bible bNashville: Abingdon Press c1986 aPrayer 2ddccBK 00102ddc4070aKBTSbKBTSd2011-05-20l0p9934r2022-01-22 00:00:00w2022-01-22yBK cbate2011-05-20 c9348d9348